000
00296nam a22001337a 4500
008
170731b xxu||||| |||| 00| 0 eng d
020
_a
0201073226
041
_a
eng
080
_a
004
100
_a
32
101
_a
SHKI
245
_a
ASSEMBLER LANGUAGE PROGRAMMING
_c
STRUBLE
942
_2
udc
_c
BK
999
_c
22209
_d
22209